| 000 | 00491nam a2200181 i 4500 | ||
|---|---|---|---|
| 001 | bgj | ||
| 245 | 1 | 0 |
_aAlternative : _bZeitschrift für Literatur und Diskussion. _chrsg. von Hildegard Brenner. _nApril 1969 / |
| 260 |
_aBerlin : _bAlternative Verlag, _c1969. |
||
| 300 |
_aS. 45-89 ; _c22 cm. |
||
| 650 | 9 | _aLiteratura | |
| 700 | 1 | _aBRENNER, Hildegard. | |
| 040 | _cBPK | ||
| 041 | 0 | _ager | |
| 044 | _aDEU | ||
| 080 | _a82 | ||
| 942 | _cKS | ||
| 008 | s gw f |000 0 ger | ||
| 999 |
_c49928 _d49928 |
||
| 856 |
_uhttp://koha.tu.koszalin.pl/cgi-bin/koha/opac-detail.pl?biblionumber=49928 _yKatalog online BPK |
||